000 00331nam a22001457a 4500
008 221012b ||||| |||| 00| 0 eng d
020 _a9781594606243
041 _aeng
080 _2EIGHTH EDITION
_a34
082 _a34
100 _a31.2
101 _aJUR
245 _aAMERICAN CONSTITUTIONAL LAW
_cFISHER L
942 _2udc
_cBK
999 _c58526
_d58526